MARC details
| 000 -LEADER |
| fixed length control field |
01820cam a22004095a 4500 |
| 003 - CONTROL NUMBER IDENTIFIER |
| control field |
EG-ScBUE |
| 005 - DATE AND TIME OF LATEST TRANSACTION |
| control field |
20220629123122.0 |
| 008 - FIXED-LENGTH DATA ELEMENTS--GENERAL INFORMATION |
| fixed length control field |
100116t2006 maua f 000 0 eng d |
| 020 ## - INTERNATIONAL STANDARD BOOK NUMBER |
| International Standard Book Number |
0618230165 (v. 1) |
| 020 ## - INTERNATIONAL STANDARD BOOK NUMBER |
| International Standard Book Number |
9780618230167 (v. 1) |
| 020 ## - INTERNATIONAL STANDARD BOOK NUMBER |
| International Standard Book Number |
0618230173 (v. 2) |
| 020 ## - INTERNATIONAL STANDARD BOOK NUMBER |
| International Standard Book Number |
9780618230174 (v. 2) |
| 020 ## - INTERNATIONAL STANDARD BOOK NUMBER |
| International Standard Book Number |
0618230181 (v. 3) |
| 020 ## - INTERNATIONAL STANDARD BOOK NUMBER |
| International Standard Book Number |
9780618230181 (v. 3) |
| 020 ## - INTERNATIONAL STANDARD BOOK NUMBER |
| International Standard Book Number |
0618230270 (v. 4) |
| 020 ## - INTERNATIONAL STANDARD BOOK NUMBER |
| International Standard Book Number |
9780618230198 (v. 4) |
| 040 ## - CATALOGING SOURCE |
| Original cataloging agency |
EG-ScBUE |
| Language of cataloging |
eng |
| Description conventions |
rda |
| Transcribing agency |
EG-ScBUE |
| Modifying agency |
EG-ScBUE |
| 082 04 - DEWEY DECIMAL CLASSIFICATION NUMBER |
| Classification number |
428.34 |
| Item number |
COL |
| Edition number |
22 |
| 245 00 - TITLE STATEMENT |
| Title |
College oral communication : |
| Remainder of title |
Houghton Mifflin English for academic success / |
| Statement of responsibility, etc |
Marsha J. Chan [and three others] |
| 264 #1 - PUBLICATION, DISTRIBUTION, ETC. (IMPRINT) |
| Place of publication, distribution, etc |
Boston ; |
| -- |
New York : |
| Name of publisher, distributor, etc |
Houghton Mifflin Company, |
| Date of publication, distribution, etc |
[2006] |
| 264 #4 - PUBLICATION, DISTRIBUTION, ETC. (IMPRINT) |
| Date of publication, distribution, etc |
c2006 |
| 300 ## - PHYSICAL DESCRIPTION |
| Extent |
4 volumes : |
| Other physical details |
illustrations ; |
| Dimensions |
24 cm |
| 336 ## - CONTENT TYPE |
| Source |
rdacontent |
| Content type term |
text |
| Content type code |
txt |
| 337 ## - MEDIA TYPE |
| Source |
rdamedia |
| Media type term |
unmediated |
| Media type code |
n |
| 338 ## - CARRIER TYPE |
| Source |
rdacarrier |
| Carrier type term |
volume |
| Carrier type code |
nc |
| 505 0# - FORMATTED CONTENTS NOTE |
| Formatted contents note |
Volume 1. [Low-intermediate] / Marsha J. Chan -- Volume 2. [Intermediate] / Ann E. Roemer -- Volume 3. [High-intermediate] / Cheryl L. Delk -- Volume 4. [Advanced] / Steve Jones. |
| 520 ## - SUMMARY, ETC. |
| Summary, etc |
Teaches students how to comprehend the spoken English used by instructors and students in college classrooms. This title provides activities for students to practice academic listening and academic speaking. |
| 650 #7 - SUBJECT ADDED ENTRY--TOPICAL TERM |
| Topical term or geographic name as entry element |
English language |
| Form subdivision |
Textbooks for foreign speakers. |
| Source of heading or term |
BUEsh |
| 9 (RLIN) |
10346 |
| 650 #7 - SUBJECT ADDED ENTRY--TOPICAL TERM |
| Topical term or geographic name as entry element |
English language |
| General subdivision |
Spoken English |
| Form subdivision |
Problems, exercises, etc. |
| Source of heading or term |
BUEsh |
| 9 (RLIN) |
10347 |
| 650 #7 - SUBJECT ADDED ENTRY--TOPICAL TERM |
| Topical term or geographic name as entry element |
Oral communication |
| Form subdivision |
Problems, exercises, etc. |
| Source of heading or term |
BUEsh |
| 9 (RLIN) |
10348 |
| 650 #7 - SUBJECT ADDED ENTRY--TOPICAL TERM |
| Topical term or geographic name as entry element |
Listening |
| Form subdivision |
Problems, exercises, etc. |
| Source of heading or term |
BUEsh |
| 9 (RLIN) |
10349 |
| 651 ## - SUBJECT ADDED ENTRY--GEOGRAPHIC NAME |
| Source of heading or term |
BUEsh |
| 653 ## - INDEX TERM--UNCONTROLLED |
| Resource For college |
Humanities: English |
| Arrived date list |
January2019 |
| 655 ## - INDEX TERM--GENRE/FORM |
| Form subdivision |
Reading book |
| 9 (RLIN) |
34232 |
| 700 1# - ADDED ENTRY--PERSONAL NAME |
| Personal name |
Chan, Marsha J., |
| Relator term |
author. |
| 9 (RLIN) |
10343 |
| 942 ## - ADDED ENTRY ELEMENTS (KOHA) |
| Source of classification or shelving scheme |
Dewey Decimal Classification |
| Koha item type |
Book - Borrowing |